Xử lý ảnh chuyên nghiệp với Adobe Photoshop 6.0 : Phần căn bản
Salvato in:
| Autore principale: | |
|---|---|
| Natura: | Libro |
| Lingua: | Undetermined |
| Pubblicazione: |
Tp. HCM
Thống Kê
2001
|
| Soggetti: | |
| Tags: |
Aggiungi Tag
Nessun Tag, puoi essere il primo ad aggiungerne! !
|
| Thư viện lưu trữ: | Trung tâm Học liệu Trường Đại học Cần Thơ |
|---|
| LEADER | 00627nam a2200193Ia 4500 | ||
|---|---|---|---|
| 001 | CTU_56800 | ||
| 008 | 210402s9999 xx 000 0 und d | ||
| 020 | |b 32000 | ||
| 082 | |a 006.68 | ||
| 082 | |b Th455 | ||
| 100 | |a Ông Văn Thông | ||
| 245 | 0 | |a Xử lý ảnh chuyên nghiệp với Adobe Photoshop 6.0 : Phần căn bản | |
| 245 | 0 | |c Ông Văn Thông | |
| 260 | |a Tp. HCM | ||
| 260 | |b Thống Kê | ||
| 260 | |c 2001 | ||
| 650 | |a computer graphics,photoshop ( computer programs ),photography | ||
| 650 | |x computer programs,processing | ||
| 980 | |a Trung tâm Học liệu Trường Đại học Cần Thơ | ||